| 000 | 00585nam a2200169 a 4500 | ||
|---|---|---|---|
| 001 | 000026831 | ||
| 005 | 20240229161930.0 | ||
| 008 | 110325s1973 dr r 000 0 spa d | ||
| 040 |
_aDO-SdBNP _bspa _cBNPHU |
||
| 082 |
_axx38 _bP415h |
||
| 100 | 1 |
_aPérez, Carlos Federico, _d1912-1984 _924849 |
|
| 245 | 1 | 0 |
_aHistoria diplomática de Santo Domingo (1492-1861) / _cCarlos Federico Pérez. |
| 260 |
_aSanto domingo : _bUniversidad Nacional Pedro Henríquez Ureña, _c1973. |
||
| 300 |
_a445 p. ; _a24 cm. |
||
| 490 | 1 |
_aTextos universitarios _v1 |
|
| 830 | 0 |
_aTextos universitarios _n1 _953950 |
|
| 999 |
_c26323 _d26323 |
||